Sports Quiz

Random Sports or Auto Racing Quiz
Score 0/10 Timer 08:00
0 Plays Today
First podium/last podium Driver % Correct
Mexico 1992 - Europe 2012Michael Schumacher
93.4%
Monaco 1950 - Italy 1957Juan Manuel Fangio
83.1%
Argentina 1974 - Netherlands 1985Niki Lauda
80%
Malaysia 2004 - Australia 2014Jenson Button
79.1%
Spain 2014 - Monaco 2018Daniel Ricciardo
66.3%
Netherlands 1973 - France 1978James Hunt
57.1%
Argentina 1980 - Monaco 1986Keke Rosberg
54.9%
Belgium 1974 - Italy 1979Jody Scheckter
49.3%
France 1973 - South Africa 1982Carlos Reutemann
35.5%
France 1951 - Argentina 1955Jose-Froilan Gonzalez
17.6%
Remove Ads.
Support Sporcle.
Get the best of Sporcle when you Go Orange. This ad-free experience offers more features, more stats, and more fun while also helping to support Sporcle. Thank you for becoming a member.

You're not logged in!

Compare scores with friends on all Sporcle quizzes.
OR
Log In

Sporcle TV

Today on Sporcle TV


Watch our educational content, quiz creation guides, and fun videos on Sporcle TV.

Show Comments

Extras

Top Quizzes Today


Score Distribution

Paid Content

Your Account Isn't Verified!

In order to create a playlist on Sporcle, you need to verify the email address you used during registration. Go to your Sporcle Settings to finish the process.

Report this User

Report this user for behavior that violates our Community Guidelines.

Details: